[Event "Hannover Bezirk-ch U18"]
[Site "Lehrte"]
[Date "2017.10.31"]
[Round "7.2"]
[White "Yang, Felix"]
[Black "Rausch, Darius"]
[Result "0-1"]
[WhiteElo "1473"]
[BlackElo "1696"]
[PlyCount "84"]
[EventDate "2017.10.28"]
[EventType "tourn"]
[EventRounds "7"]
[EventCountry "GER"]
[SourceTitle "EXT 2022"]
[Source "ChessBase"]
[SourceDate "2021.10.06"]
[SourceVersion "1"]
[SourceVersionDate "2021.10.06"]
[SourceQuality "1"]

1. e4 c6 2. d4 d5 3. e5 Bf5 4. c3 e6 5. Be3 Nd7 6. Bd3 Bxd3 7. Qxd3 Ne7 8. Nd2 Nf5 9. Ngf3 c5 10. 0-0 Be7 11. Rfe1 0-0 12. Nf1 cxd4 13. cxd4 Qb6 14. b3 Rfc8 15. Bd2 Rc6 16. Ne3 Nxe3 17. Qxe3 Rac8 18. Rec1 Ba3 19. Rxc6 Qxc6 20. h3 Nb8 21. Qg5 Na6 22. Qh5 Qc2 23. Be3 Nb4 24. Ng5 Qf5 25. Qe2 a6 26. Qe1 Nc2 27. Qa5 Be7 28. Rc1 Bxg5 29. Bxg5 Qxg5 30. f4 Qe7 31. Qd2 Qc7 32. Kh2 Qc3 33. Qd1 Rc6 34. Qh5 Qxd4 35. Qg5 h6 36. Qd8+ Kh7 37. Rf1 Ne3 38. Rg1 Qxf4+ 39. Kh1 Rc2 40. Qb6 Qe4 41. Qxb7 Rxg2 42. Rxg2 Qxg2# 0-1

[Event "Hannover Bezirk-ch U18"]
[Site "Lehrte"]
[Date "2017.10.30"]
[Round "5.3"]
[White "Yang, Felix"]
[Black "Kiesel, Lucas"]
[Result "0-1"]
[WhiteElo "1473"]
[BlackElo "1821"]
[PlyCount "96"]
[EventDate "2017.10.28"]
[EventType "tourn"]
[EventRounds "7"]
[EventCountry "GER"]
[SourceTitle "EXT 2022"]
[Source "ChessBase"]
[SourceDate "2021.10.06"]
[SourceVersion "1"]
[SourceVersionDate "2021.10.06"]
[SourceQuality "1"]

1. e4 e5 2. Nf3 Nf6 3. Nc3 Bb4 4. Bc4 0-0 5. d3 Nc6 6. 0-0 d6 7. Bg5 Bxc3 8. bxc3 Be6 9. Bb3 h6 10. Bh4 Ne7 11. Bxf6 gxf6 12. Nh4 Qd7 13. Qd2 Kh7 14. f4 Bxb3 15. cxb3 Qg4 16. Qf2 d5 17. fxe5 fxe5 18. Qf6 Qg5 19. Qxg5 hxg5 20. Nf3 f6 21. exd5 Nxd5 22. Rac1 Nf4 23. Rcd1 Ne2+ 24. Kf2 Nxc3 25. Rc1 Nd5 26. Kg3 c6 27. Rce1 Rae8 28. h4 g4 29. Nd2 f5 30. Nc4 b5 31. Nd6 f4+ 32. Kxg4 Re6 33. Nf5 Rg6+ 34. Kf3 Rxf5 35. Rh1 Nc3 36. h5 Rg3+ 37. Kf2 Rxd3 38. Rc1 e4 39. a3 Rd2+ 40. Ke1 Rfd5 41. Rh4 Rd1+ 42. Rxd1 Rxd1+ 43. Kf2 e3+ 44. Kf3 Rf1+ 45. Kg4 e2 46. Kf5 e1Q 47. Rxf4 Qe4+ 48. Kg5 Qxf4# 0-1

[Event "Hannover Bezirk-ch U18"]
[Site "Lehrte"]
[Date "2017.10.29"]
[Round "4.2"]
[White "Albus, Alexander"]
[Black "Yang, Felix"]
[Result "0-1"]
[WhiteElo "1197"]
[BlackElo "1473"]
[PlyCount "80"]
[EventDate "2017.10.28"]
[EventType "tourn"]
[EventRounds "7"]
[EventCountry "GER"]
[SourceTitle "EXT 2022"]
[Source "ChessBase"]
[SourceDate "2021.10.06"]
[SourceVersion "1"]
[SourceVersionDate "2021.10.06"]
[SourceQuality "1"]

1. d4 Nf6 2. c4 c5 3. g3 cxd4 4. Nf3 g6 5. Bg2 Bg7 6. 0-0 0-0 7. Nxd4 Nc6 8. Nc3 Qb6 9. Nc2 d6 10. e4 Bg4 11. Nd5 Nxd5 12. Qxg4 Nf6 13. Qe2 Rac8 14. Rb1 Ne5 15. Be3 Qa6 16. Nb4 Qxc4 17. Qxc4 Rxc4 18. Nd5 Nxd5 19. exd5 Ra4 20. Rfc1 Rxa2 21. Rc7 Re8 22. Rxb7 Nc4 23. b4 Nxe3 24. fxe3 Ra3 25. Kf2 h5 26. Bf1 Bh6 27. e4 Be3+ 28. Kg2 Bb6 29. Bb5 Rc8 30. Bc6 e6 31. Rf1 Rc7 32. Rb8+ Kg7 33. Rd8 Rxc6 34. dxc6 Bxd8 35. Rc1 Bc7 36. Kh3 Ra4 37. Rb1 Kf6 38. Kh4 Ra2 39. h3 Ke5 40. Rf1 Bd8+ 0-1

[Event "Hannover-ch U18"]
[Site "Lehrte"]
[Date "2016.10.02"]
[Round "4"]
[White "Yang, Felix"]
[Black "Yerin, Daniel"]
[Result "1-0"]
[WhiteElo "1454"]
[BlackElo "1052"]
[PlyCount "61"]
[EventDate "2016.10.01"]
[EventType "swiss"]
[EventRounds "7"]
[EventCountry "GER"]
[SourceTitle "EXT 2020"]
[Source "ChessBase"]
[SourceDate "2019.10.17"]
[SourceVersion "1"]
[SourceVersionDate "2019.10.17"]
[SourceQuality "1"]

1. d4 d5 2. c4 c6 3. e3 Nf6 4. Nc3 e6 5. Nf3 Bb4 6. Bd2 0-0 7. Be2 Re8 8. 0-0 Qc7 9. a3 Bxc3 10. bxc3 Nbd7 11. cxd5 exd5 12. c4 b6 13. cxd5 Nxd5 14. Qb3 N7f6 15. Bc4 Bf5 16. Rac1 Rac8 17. Bb5 Qd6 18. Bd3 Bxd3 19. Qxd3 Re7 20. Rfe1 Ne4 21. Ne5 Nxd2 22. Qxd2 c5 23. Nc4 Qd8 24. dxc5 bxc5 25. Red1 Rd7 26. Ne5 Rd6 27. e4 f6 28. Nc4 Nc3 29. Qxd6 Ne2+ 30. Kf1 Qxd6 31. Nxd6 1-0

[Event "Hannover-ch U16/18"]
[Site "Lehrte"]
[Date "2015.10.30"]
[Round "4"]
[White "Heise, Tobias"]
[Black "Yang, Felix"]
[Result "1-0"]
[WhiteElo "1676"]
[BlackElo "1339"]
[PlyCount "111"]
[EventDate "2015.10.29"]
[EventType "swiss"]
[EventRounds "7"]
[EventCountry "GER"]
[SourceTitle "EXT 2021"]
[Source "ChessBase"]
[SourceDate "2020.10.23"]
[SourceVersion "1"]
[SourceVersionDate "2020.10.23"]
[SourceQuality "1"]

1. d4 Nf6 2. Bf4 c5 3. d5 d6 4. c4 g6 5. Nc3 Bf5 6. e3 Qc7 7. h3 e5 8. dxe6 Bxe6 9. g4 Qc6 10. Qf3 d5 11. cxd5 Nxd5 12. Bb5 Nxc3 13. Bxc6+ Nxc6 14. bxc3 Bg7 15. Ne2 0-0 16. 0-0 Rad8 17. Rab1 Bxa2 18. Rxb7 Bd5 19. e4 Bc4 20. Re1 Rd3 21. Qg2 Rfd8 22. Rc7 Bb5 23. c4 Ba4 24. Nc1 R3d4 25. e5 Rxf4 26. Rxc6 Bxc6 27. Qxc6 Rfd4 28. Qxc5 Rd1 29. Kf1 Bf8 30. Qxa7 Bb4 31. Rxd1 Rxd1+ 32. Ke2 Rxc1 33. Qb8+ Bf8 34. Qb5 Rc3 35. f3 Bh6 36. Qd5 Re3+ 37. Kf2 Rc3 38. Kg3 Bg7 39. c5 Re3 40. Qd8+ Bf8 41. c6 Rxe5 42. c7 Rc5 43. c8Q Rxc8 44. Qxc8 Kg7 45. g5 Bd6+ 46. Kg4 Be7 47. Qd7 Bc5 48. f4 Bf8 49. f5 gxf5+ 50. Kxf5 Kg8 51. h4 Kg7 52. h5 Ba3 53. h6+ Kg8 54. Qd8+ Bf8 55. Kf6 Kh8 56. Qxf8# 1-0

[Event "Hannover-ch U16/18"]
[Site "Lehrte"]
[Date "2015.10.29"]
[Round "2"]
[White "Yang, Felix"]
[Black "Burger, Jarl"]
[Result "1-0"]
[WhiteElo "1339"]
[BlackElo "988"]
[PlyCount "77"]
[EventDate "2015.10.29"]
[EventType "swiss"]
[EventRounds "7"]
[EventCountry "GER"]
[SourceTitle "EXT 2021"]
[Source "ChessBase"]
[SourceDate "2020.10.23"]
[SourceVersion "1"]
[SourceVersionDate "2020.10.23"]
[SourceQuality "1"]

1. e4 e5 2. Nf3 Nc6 3. Bc4 Bc5 4. c3 Nf6 5. d4 exd4 6. cxd4 Bb4+ 7. Bd2 Bxd2+ 8. Nbxd2 d6 9. d5 Ne7 10. 0-0 0-0 11. h3 c6 12. Re1 cxd5 13. exd5 Nfxd5 14. Ne4 Nb6 15. Nxd6 Nxc4 16. Nxc4 Be6 17. Nd6 Nd5 18. Ne4 Qb6 19. Neg5 Nc7 20. Qc2 g6 21. Rac1 Rac8 22. Nxe6 Nxe6 23. Qe2 Rxc1 24. Rxc1 Rd8 25. Ne5 Nd4 26. Qc4 Qe6 27. Qxe6 fxe6 28. Rc7 Rd5 29. Nc4 Rb5 30. Rd7 Nf5 31. g4 Ng7 32. b3 Ne8 33. Re7 Ng7 34. Rd7 Ne8 35. Re7 Ng7 36. Nd6 Ra5 37. Rxb7 h6 38. a4 Ra6 39. Nc8 1-0

[Event "Hannover Ihme Cup"]
[Site "Hannover"]
[Date "2015.05.09"]
[Round "2"]
[White "Schomann, Michael"]
[Black "Yang, Felix"]
[Result "0-1"]
[WhiteElo "1666"]
[BlackElo "1251"]
[PlyCount "48"]
[EventDate "2015.05.08"]
[EventType "swiss"]
[EventRounds "5"]
[EventCountry "GER"]
[SourceTitle "EXT 2021"]
[Source "ChessBase"]
[SourceDate "2020.10.23"]
[SourceVersion "1"]
[SourceVersionDate "2020.10.23"]
[SourceQuality "1"]

1. d4 Nf6 2. c4 c5 3. d5 e6 4. Nc3 exd5 5. cxd5 d6 6. e4 Be7 7. Bd3 Nbd7 8. f4 0-0 9. Nf3 Qb6 10. h3 Nh5 11. Na4 Qc7 12. g4 c4 13. Bc2 Nhf6 14. Be3 b5 15. Nc3 b4 16. Nb5 Qa5 17. Nfd4 b3+ 18. Bd2 bxc2 19. Qxc2 Qb6 20. g5 Ne8 21. Qxc4 Ba6 22. a4 Rc8 23. Qb4 Nc5 24. Nc6 Nd3+ 0-1